000
00268nam a2200121 a 4500
008
100917s1977|||| d
100
1
_a
Dangulov, Savva
245
1
0
_a
Diplomati
260
_b
Obzor
_c
1977
_a
Bratislava
020
_c
22
044
_a
xo
_c
SK
041
_a
slo
999
_c
10426
_d
10426